| 000 | 00405nam a2200145 a 4500 | ||
|---|---|---|---|
| 001 | 000040762 | ||
| 005 | 20201002034348.0 | ||
| 008 | 130906s2010 sp 000 0 spa d | ||
| 020 | _a9788475099507 | ||
| 040 |
_aDO-SdBNP _bspa _cBNPHU |
||
| 245 | 3 |
_aLa noticia : _bpistas para percibir el mundo. |
|
| 260 |
_aMadrid : _bPaidós, _c2010. |
||
| 300 |
_a157 p. ; _c21 cm. |
||
| 504 | _aBibliografía : p. 149-156 | ||
| 999 |
_c40252 _d40252 |
||